000 00311nam a2200109 4500
999 _c13534
_d13534
008 190328b ||||| |||| 00| 0 eng d
245 _aPublic school given easier access to water.
260 _aDavao City
_bSun Star Davao
_cc2017
300 _apage 12.
650 0 _937807
_aWater conservation.
942 _2ddc
_cPER